Guess the Taylor Swift Song by the Lyrics #2 - Statistics

General Stats
  • This quiz has been taken 45 times
  • The average score is 329 of 482
Answer Stats
LYRICS % Correct
a
100%
I
100%
(I
100%
I,
100%
you
100%
you,
100%
You
100%
the
94%
And
92%
and
92%
(And
92%
it
92%
me
92%
that
83%
your
83%
be
81%
in
81%
(In
81%
it's
81%
It's
81%
love
81%
of
81%
of,
81%
can
78%
My
78%
my
78%
would
78%
all
75%
All
75%
all)
75%
all,
75%
but
75%
But
75%
don't
75%
go
75%
never
75%
now
75%
Now
75%
(Now
75%
see
75%
this
75%
to
75%
are
72%
our
72%
at
69%
I've
69%
Not
69%
out
69%
what
69%
I'll
67%
I'm
67%
was
67%
by
64%
head)
64%
Like
64%
like
64%
mind)
64%
There
64%
will
64%
as
61%
look
61%
same
61%
same)
61%
Back
58%
back
58%
every
58%
from
58%
Just
58%
just
58%
New
58%
night
58%
saw
58%
so
58%
Things
58%
(Things
58%
things
58%
think
58%
thought
58%
with
58%
been
56%
down
56%
let
56%
red)
56%
still
56%
dark
53%
daylight
53%
Daylight
53%
daylight,
53%
daylight)
53%
golden
53%
(Golden)
53%
good
53%
light
53%
long
53%
many
53%
once
53%
only
53%
wanna
53%
York
53%
York)
53%
away
50%
away)
50%
because
50%
(Black
50%
Maybe
50%
white)
50%
anything
47%
believed
47%
(Burnin'
47%
else
47%
forth
47%
tell
47%
town
47%
brighter
44%
goodbye
44%
hate
44%
(Intertwined)
44%
into
44%
joke
44%
lived
44%
looked
44%
ran
44%
truth
44%
afraid
42%
(Ah)
42%
air
42%
became
42%
bed)
42%
burning
42%
cities
42%
cruel
42%
Everyone
42%
middle
42%
settle
42%
single
42%
sleepin'
42%
smoke
42%
step
42%
worse
42%
awake
39%
awake)
39%
daggers
39%
gotta
39%
lines
39%
morning
39%
refused
39%
twenty-year
39%
unforgiven
39%
wicked
39%
wide
39%
breathed
36%
butt
36%
cloaks
36%
defined
36%
haunt
36%
Or
36%
room
36%
stormed
36%
trusted
36%
wolves
36%
crossed
33%
(Sneakin'
33%
unlucky
33%
Clearin'
31%
Luck
31%
Threw
31%
draw
28%
wounded
28%
draws
25%
No matching quizzes found
Score Distribution
Percent of People with Each Score
Percentile by Number Answered
Your Score History
You have not taken this quiz